000 00675nam a2200181 a 4500
008 170727s1997 ||||||||||||||||| || u
020 _a9780070608399
050 _aQA 157 Ste
100 _aSteege, Ray
245 1 0 _aSchaum's outline of intermediate algebra
_cBy Ray Steege [and] Kerry Bailey
260 _aNew York:
_bMc Graw- Hill
_c1997
300 _a381p: ill.
350 _a18.95
650 _aALGEBRA--PROBLEMS, EXERCISES, ETC
650 _aALGEBRA--OUTLINES, SYLLABI, ETC
700 _aBailey, Kerry
995 _FCBU-MAIN LIBRARY (Kitwe)
_I18.95
_M1
_UAVAILABLE
_WJul 27, 2017
_ZMain Library Open Access Collection
999 _c57011
_d57011